[Event "DM 2023 G5-1 Grp2"]
[Site "Svendborg"]
[Date "2023.04.05"]
[Round "5"]
[White "Nielsen, Angelo"]
[Black "Skaerved, Mattias"]
[Result "1-0"]
[WhiteElo "1640"]
[BlackElo "1483"]
[PlyCount "73"]
[EventDate "2023.04.01"]
[EventType "swiss"]
[EventRounds "5"]
[EventCountry "DEN"]
[SourceTitle "Live v. Kasper Jerwiarz"]

1. d4 f5 2. Bf4 Nf6 3. Nf3 b6 4. e3 Bb7 5. Nbd2 e6 6. Be2 h6 7. h3 Nc6 8. c3 g5
9. Bh2 d6 10. Bc4 Qe7 11. a4 a5 12. Bb5 Kf7 13. O-O Nd8 14. Qb3 Bxf3 15. Nxf3
Ne4 16. Bd3 Nf6 17. Bxf5 Kg7 18. Bd3 Nf7 19. e4 e5 20. Rfe1 g4 21. Nh4 Qd8 22.
Nf5+ Kg6 23. h4 h5 24. Bg3 Ng8 25. Qe6+ Qf6 26. Qd5 Rb8 27. Rad1 Ne7 28. Nxe7+
Bxe7 29. Rf1 Qg7 30. f4 gxf3 31. Rxf3 Rbf8 32. Rdf1 Nh6 33. dxe5 Rd8 34. e6 c6
35. e5+ Nf5 36. Bxf5+ Kh6 37. Qd2+ 1-0

[Event "DM 2023 G5-1 Grp2"]
[Site "Svendborg"]
[Date "2023.04.05"]
[Round "5"]
[White "Bruntse, Kathrine Lindegaard"]
[Black "Rasmussen, Erling"]
[Result "1/2-1/2"]
[WhiteElo "1550"]
[BlackElo "1635"]
[PlyCount "98"]
[EventDate "2023.04.01"]
[EventType "swiss"]
[EventRounds "5"]
[EventCountry "DEN"]
[SourceTitle "Live v. Kasper Jerwiarz"]

1. d4 Nf6 2. c4 e5 3. dxe5 Ne4 4. a3 Nc6 5. Nf3 Bc5 6. e3 d6 7. exd6 Bf5 8. Be2
Qxd6 9. Qxd6 Bxd6 10. Nbd2 O-O-O 11. Nh4 Nxd2 12. Bxd2 Be6 13. Nf3 Be5 14. Nxe5
Nxe5 15. Bc3 Nd3+ 16. Kf1 f6 17. Rd1 Bxc4 18. Bd4 Ne5 19. Bxc4 Nxc4 20. Ke2
Rhe8 21. Bc3 Nd6 22. Bd4 Nb5 23. Bc3 Nxc3+ 24. bxc3 c5 25. f3 Re6 26. Rxd8+
Kxd8 27. Rd1+ Kc7 28. Rd5 Kc6 29. e4 g6 30. g4 b5 31. h4 a5 32. Kd3 Rd6 33. c4
b4 34. a4 f5 35. gxf5 gxf5 36. Kc2 fxe4 37. fxe4 Re6 38. e5 Rg6 39. h5 Rg2+ 40.
Kb3 Re2 41. Rd6+ Kc7 42. Rd5 Re3+ 43. Kb2 Kb6 44. Rd6+ Kb7 45. Rd5 Kc6 46. Rd6+
Kc7 47. Rd5 Re2+ 48. Kb3 Re3+ 49. Kb2 Ra3 1/2-1/2

[Event "DM 2023 G5-1 Grp2"]
[Site "Svendborg"]
[Date "2023.04.05"]
[Round "5"]
[White "Hansen, Anders"]
[Black "Hanuscheck, Jorgen Peter"]
[Result "1-0"]
[WhiteElo "1501"]
[BlackElo "1602"]
[PlyCount "87"]
[EventDate "2023.04.01"]
[EventType "swiss"]
[EventRounds "5"]
[EventCountry "DEN"]
[SourceTitle "Live v. Kasper Jerwiarz"]

1. b3 Nf6 2. Bb2 g6 3. Bxf6 exf6 4. c4 f5 5. Nc3 Bg7 6. Rc1 b6 7. Nf3 Bb7 8. e3
c5 9. d4 cxd4 10. exd4 Qe7+ 11. Qe2 Qxe2+ 12. Bxe2 Bxf3 13. Bxf3 Nc6 14. O-O
O-O 15. Nb5 a6 16. d5 Ne5 17. Nd4 Nxf3+ 18. Nxf3 Rfe8 19. Rfe1 h6 20. Kf1 g5
21. Rc2 g4 22. Nh4 Rxe1+ 23. Kxe1 Re8+ 24. Re2 Bc3+ 25. Kd1 Rxe2 26. Kxe2 f4
27. f3 h5 28. Kd3 Be1 29. Nf5 f6 30. fxg4 hxg4 31. Nh6+ Kg7 32. Nxg4 Kg6 33.
Ke2 Bh4 34. Kf3 Kg5 35. Nf2 Bxf2 36. Kxf2 Kf5 37. Kf3 d6 38. a4 a5 39. h4 Kg6
40. Kxf4 f5 41. h5+ Kxh5 42. Kxf5 Kh6 43. Ke6 Kg6 44. Kxd6 1-0

[Event "DM 2023 G5-1 Grp2"]
[Site "Svendborg"]
[Date "2023.04.05"]
[Round "5"]
[White "Bruntse, Caroline Lindegaard"]
[Black "Andersen, Per"]
[Result "1-0"]
[WhiteElo "1425"]
[BlackElo "1524"]
[PlyCount "53"]
[EventDate "2023.04.01"]
[EventType "swiss"]
[EventRounds "5"]
[EventCountry "DEN"]
[SourceTitle "Live v. Kasper Jerwiarz"]

1. d4 Nf6 2. c4 g6 3. Nc3 d5 4. cxd5 Nxd5 5. e4 Nxc3 6. bxc3 Bg7 7. Be3 c5 8.
Qd2 Qa5 9. Nf3 Bg4 10. Be2 Bxf3 11. Bxf3 Nc6 12. e5 Rd8 13. Bxc6+ bxc6 14. f4
cxd4 15. cxd4 Qxd2+ 16. Kxd2 c5 17. Kd3 O-O 18. Rac1 cxd4 19. Bxd4 Rd7 20. Ke3
Rfd8 21. Rc4 Bh6 22. g3 g5 23. Rg1 Kf8 24. Bc3 gxf4+ 25. gxf4 Rd3+ 26. Ke4 Bg7
27. Ba5 1-0

[Event "DM 2023 G5-1 Grp2"]
[Site "Svendborg"]
[Date "2023.04.05"]
[Round "5"]
[White "Pedersen, Kim Michael"]
[Black "Kappel, Erik"]
[Result "1/2-1/2"]
[WhiteElo "1631"]
[BlackElo "1445"]
[PlyCount "43"]
[EventDate "2023.04.01"]
[EventType "swiss"]
[EventRounds "5"]
[EventCountry "DEN"]
[SourceTitle "Live v. Kasper Jerwiarz"]

1. d4 d5 2. Bf4 e6 3. e3 c5 4. c3 Nf6 5. Nf3 Nc6 6. Nbd2 Bd7 7. Ne5 Be7 8. Bd3
O-O 9. O-O Nxe5 10. Bxe5 Bc6 11. dxc5 Bxc5 12. Qc2 g6 13. Rad1 Bd6 14. Nf3 Ng4
15. Bg3 Qc7 16. Be2 Bxg3 17. hxg3 Nf6 18. Nd4 Ne4 19. Bf3 Rfe8 20. Bxe4 dxe4
21. Nxc6 Qxc6 22. Rd4 1/2-1/2